书目信息 |
| 题名: |
专科起点升本科入学考试复习参考书
|
|
| 作者: | 赵达夫 , 冀成会 主编 | |
| 分册: | ||
| 出版信息: | 北京 北京交通大学出版社 2005.06 |
|
| 页数: | 133页 | |
| 开本: | 26cm | |
| 丛书名: | 北京交通大学远程教育丛书 | |
| 单 册: | ||
| 中图分类: | G724.4 | |
| 科图分类: | ||
| 主题词: | 高等数学--gao deng shu xue--成人高等学校--升学参考资料 , 英语--ying yu--成人高等学校--升学参考资料 | |
| 电子资源: | ||
| ISBN: | 7-81082-498-8 | |
| 000 | 01090nam 2200265 450 | |
| 001 | 012006611091 | |
| 005 | 20060905160514.00 | |
| 010 | @a7-81082-498-8@dCNY15.00 | |
| 100 | @a20060610d2005 km y0chiy0120 ea | |
| 101 | 0 | @achi@aeng |
| 102 | @aCN@b110000 | |
| 105 | @ak z 000yy | |
| 200 | 1 | @a专科起点升本科入学考试复习参考书@Azhuan ke qi dian sheng ben ke ru xue kao shi fu xi can kao shu@f赵达夫, 冀成会主编@Fzhao da fu,ji cheng hui zhu bian |
| 210 | @a北京@c北京交通大学出版社@d2005.06 | |
| 215 | @a133页@d26cm | |
| 225 | 2 | @a北京交通大学远程教育丛书@Abei jing jiao tong da xue yuan cheng jiao yu cong shu |
| 330 | @a本书分两部分:第一部分是高等数学考试复习参考内容;第二部分是英语考试复习参考内容,适合专科起点升本科的学生复习迎考之用。 | |
| 410 | 0 | @12001 @a北京交通大学远程教育丛书 |
| 606 | 0 | @a高等数学@Agao deng shu xue@x成人高等学校@j升学参考资料 |
| 606 | 0 | @a英语@Aying yu@x成人高等学校@j升学参考资料 |
| 690 | @aG724.4@v4 | |
| 701 | 0 | @a赵达夫@Azhao da fu@4主编 |
| 701 | 0 | @a冀成会@Aji cheng hui@4主编 |
| 801 | 0 | @aCN@bQSSK@c20060905 |
| 905 | @a10447@dG724.4@eZ291 | |
| 专科起点升本科入学考试复习参考书/赵达夫, 冀成会主编.-北京:北京交通大学出版社,2005.06 |
| 133页;26cm.-(北京交通大学远程教育丛书) |
| ISBN 7-81082-498-8:CNY15.00 |
| 本书分两部分:第一部分是高等数学考试复习参考内容;第二部分是英语考试复习参考内容,适合专科起点升本科的学生复习迎考之用。 |
| ● |
| 相关链接 |
|
|
|
正题名:专科起点升本科入学考试复习参考书
索取号:G724.4/Z291
 
预约/预借
| 序号 | 登录号 | 条形码 | 馆藏地/架位号 | 状态 | 备注 |
| 1 | 584545 | 205845451 | 社科库409/409社科库 16排3列3层/ [索取号:G724.4/Z291] | 在馆 | |
| 2 | 584546 | 205845460 | 社科库409/409社科库 16排3列3层/ [索取号:G724.4/Z291] | 在馆 | |
| 3 | 584547 | 205845479 | 社科库409/409社科库 16排3列3层/ [索取号:G724.4/Z291] | 在馆 |